000 00310nam a2200133Ia 4500
008 191201s2011 xx 000 0 und d
100 _aSETHI,Jyotsna
245 0 _aElements of Banking and Insurance
250 _a5th Rep
260 _aN. Delhi
_bPHI
_c2011
300 _a450
650 _aMBA
942 _2ddc
_cBK
999 _c5147
_d5147